Fr. Conceicao Rodrigues College of Engineering

Problem solving with PASCAL (Record no. 25683)

MARC details
000 -LEADER
fixed length control field 00306nam a2200145Ia 4500
082 ## - DEWEY DECIMAL CLASSIFICATION NUMBER
Classification number 001.6424P
Item number ALA
100 ## - MAIN ENTRY--PERSONAL NAME
Personal name Dalarcao H.T
245 ## - TITLE STATEMENT
Title Problem solving with PASCAL
260 ## - PUBLICATION, DISTRIBUTION, ETC.
Name of publisher, distributor, etc. Macmillan
Place of publication, distribution, etc. Sigapore
Date of publication, distribution, etc. 1988
300 ## - PHYSICAL DESCRIPTION
Extent 768
546 ## - LANGUAGE NOTE
Language note ENGLISH
654 ## - SUBJECT ADDED ENTRY--FACETED TOPICAL TERMS
Focus term PASCAL
942 ## - ADDED ENTRY ELEMENTS (KOHA)
Koha item type BOOK
Holdings
Withdrawn status Lost status Damaged status Not for loan Collection Home library Current library Date acquired Cost, normal purchase price Total Checkouts Full call number Barcode Date last seen Cost, replacement price Price effective from Koha item type
        CRC Fr. Agnel's C.Rodrigues College of Engineering Fr. Agnel's C.Rodrigues College of Engineering 17/03/2023 491.31   001.6424P ALA 3984 17/03/2023 491.31 17/03/2023 BOOK